000 01063nam a2200217Ii 4500
003 JO-AjNU
008 230605s9999||||xx |||||||||||||| ||und||
040 _aJO-AjNU
_bara
_erda
_cJO-AjNU
041 _aara
050 1 4 _aDS79.76.2018
100 3 _aاعداد قسم حقوق الإنسان,
_eauthor
_964096
245 0 0 _aتقرير لجنة التحقيق البريطانية والدور البريطاني في غزو العراق: وقائع الندوة التي اقامها قسم حقوق الانسان في هيئة علماء المسلمين في العراق 3 ذو الحجة 1437هـ = 5 ايلول 2016م
250 _aط1
264 3 1 _aبغداد: مؤسسة البصائر للدراسات والنشر، 2018
300 _a76ص
336 _atext
_btxt
_2rdacontent
337 _aunmediated
_bn
_2rdamedia
338 _avolume
_bnc
_2rdacarrier
490 0 _aسلسة اصدارات الهيئة-قسم الثقافة، 24
650 4 _aغزو العراق-حقوق الانسان-هيئة علماء المسلمين-تاريخ
_964097
999 _aA29109
_c32677
_d32677